3x3 Matrix Multiplication - Statistics

General Stats
  • This quiz has been taken 20 times
  • The average score is 8 of 9
Answer Stats
Rows first % Correct
2 4 5 5 3 1 29
94%
1 3 5 4 5 2 34
94%
6 5 2 3 3 4 25
88%
25
82%
28
82%
37
82%
43
82%
51
82%
55
82%
No matching quizzes found
Score Distribution
Percent of People with Each Score
Percentile by Number Answered
Your Score History
You have not taken this quiz